[Event "Schleswig Holstein-ch cand"]
[Site "Eckernfoerde"]
[Date "2016.03.24"]
[Round "8"]
[White "Kollhoff, Josef"]
[Black "Luchs, Manfred"]
[Result "0-1"]
[WhiteElo "1757"]
[BlackElo "1974"]
[PlyCount "92"]
[EventDate "2016.03.19"]
[EventType "swiss"]
[EventRounds "9"]
[EventCountry "GER"]
[SourceTitle "EXT 2018"]
[Source "ChessBase"]
[SourceDate "2017.10.13"]
[SourceVersion "1"]
[SourceVersionDate "2017.10.13"]
[SourceQuality "1"]

1. d4 Nf6 2. Nf3 g6 3. e3 c5 4. Bd3 Bg7 5. 0-0 cxd4 6. exd4 0-0 7. b3 d6 8. Bb2 Nc6 9. a3 b6 10. Qe2 Nh5 11. Qe3 Qc7 12. Nbd2 Bb7 13. Rac1 Rfe8 14. Rfe1 Nf6 15. Qg5 h6 16. Qe3 Nd5 17. Qe4 e6 18. g3 f5 19. Qe2 Nd8 20. Ba6 g5 21. Bxb7 Qxb7 22. c4 Ne7 23. Bc3 Ng6 24. h3 Nf7 25. Qd3 Qd7 26. b4 h5 27. Nb3 g4 28. Nh4 Nxh4 29. gxh4 Qe7 30. Qg3 Bf6 31. hxg4 Bxh4 32. Qh2 hxg4 33. Bd2 Kg7 34. Kg2 Rh8 35. Qf4 Qf6 36. Qe3 Rae8 37. c5 Bg5 38. Qd3 Bxd2 39. Qxd2 Ng5 40. Rh1 Ne4 41. Qd3 bxc5 42. bxc5 d5 43. Nd2 Nxd2 44. Qxd2 f4 45. f3 Qg5 46. Qe2 gxf3+ 0-1

[Event "Schleswig Holstein-ch cand"]
[Site "Eckernfoerde"]
[Date "2016.03.21"]
[Round "3"]
[White "Schlueter, Mike"]
[Black "Luchs, Manfred"]
[Result "1/2-1/2"]
[WhiteElo "1878"]
[BlackElo "1974"]
[PlyCount "60"]
[EventDate "2016.03.19"]
[EventType "swiss"]
[EventRounds "9"]
[EventCountry "GER"]
[SourceTitle "EXT 2018"]
[Source "ChessBase"]
[SourceDate "2017.10.13"]
[SourceVersion "1"]
[SourceVersionDate "2017.10.13"]
[SourceQuality "1"]

1. c4 e5 2. Nc3 Nf6 3. e4 g6 4. Nf3 d6 5. Be2 Bg7 6. 0-0 0-0 7. d3 Nbd7 8. b4 c6 9. a4 a5 10. b5 Re8 11. Rb1 Nf8 12. h3 Ne6 13. Be3 c5 14. Qd2 b6 15. Nh2 Nd4 16. Bg5 Nxe2+ 17. Nxe2 Be6 18. Nc3 Qd7 19. Bh6 Nh5 20. Ne2 f5 21. Bxg7 Kxg7 22. Rbc1 f4 23. f3 Rf8 24. Ng4 Nf6 25. Nxf6 Kxf6 26. Kf2 g5 27. Rh1 h5 28. Rh2 Rh8 29. Rch1 Rag8 30. Qb2 Qg7 1/2-1/2

[Event "Schleswig Holstein-ch Seniors"]
[Site "Hanerau"]
[Date "2015.03.31"]
[Round "5"]
[White "Berenstein, Alexander"]
[Black "Luchs, Manfred"]
[Result "0-1"]
[WhiteElo "2019"]
[BlackElo "1882"]
[PlyCount "100"]
[EventDate "2015.03.28"]
[EventType "swiss"]
[EventRounds "9"]
[EventCountry "GER"]
[SourceTitle "EXT 2018"]
[Source "ChessBase"]
[SourceDate "2017.10.13"]
[SourceVersion "1"]
[SourceVersionDate "2017.10.13"]
[SourceQuality "1"]

1. d4 Nf6 2. c4 g6 3. Nf3 Bg7 4. g3 d5 5. Bg2 c6 6. Qc2 dxc4 7. Qxc4 Na6 8. 0-0 Be6 9. Qa4 0-0 10. Nc3 h6 11. Rd1 Qc8 12. a3 Nd5 13. e4 Nb6 14. Qc2 Bg4 15. Ne2 Rd8 16. Be3 Be6 17. Nd2 Bg4 18. f3 Bd7 19. Rac1 Be8 20. Qb3 c5 21. Qa2 Ba4 22. b3 Bb5 23. Bf1 Bxe2 24. Bxe2 Bxd4 25. Bxd4 Rxd4 26. Bxa6 bxa6 27. Qc2 Qd7 28. Nf1 Rd8 29. Rxd4 cxd4 30. Qd3 Qb5 31. Rd1 e5 32. a4 Qxd3 33. Rxd3 Rb8 34. Rd1 Nd7 35. Nd2 Rc8 36. Kf2 Rc2 37. Ke2 Nc5 38. Rb1 f5 39. exf5 gxf5 40. a5 Kf7 41. b4 Na4 42. Rb3 Ke6 43. Kd3 Ra2 44. Rb1 Ra3+ 45. Nb3 Kd5 46. Kd2 Ra2+ 47. Ke1 Rxh2 48. Nd2 Nc3 49. Rb3 e4 50. fxe4+ fxe4 0-1